Sobre el comportamiento del cultivar de trigo pan "Buck Guapo" frente a la roya anaranjada (Puccinia triticiana Eriksson) en la región triguera argentina : la difícil tarea de la obtención de resistencia durable /

Guardado en:
Autor Principal: Antonelli, Enrique F.
Otros Autores: Formento, Norma A., González, Lisardo J.
Formato: Libro
Idioma:Spanish
Publicado: Buenos Aires : los autores, 2006.
Materias:
Etiquetas: Agregar Etiqueta
Sin Etiquetas, Sea el primero en etiquetar este registro!
LEADER 00906nam a22002055a 4500
001 EEA.libagro007622
005 20180424124411.0
008 130809s2006####ag#a##########000#0#spa#d
082 0 4 |a 633.1194 
100 1 |a Antonelli, Enrique F. 
245 1 0 |a Sobre el comportamiento del cultivar de trigo pan "Buck Guapo" frente a la roya anaranjada (Puccinia triticiana Eriksson) en la región triguera argentina :  |b la difícil tarea de la obtención de resistencia durable /  |c Enrique F. Antonelli, Norma A. Formento, Lisardo J. González. 
260 |a Buenos Aires :  |b los autores,  |c 2006. 
300 |a 10 p. :  |b il. ;  |c 28 cm. 
650 7 |a Enfermedades fungosas  |2 agrovoc 
650 7 |a Trigo harinero  |2 agrovoc 
650 7 |a Triticum aestivium  |2 agrovoc 
650 7 |a Puccinia recondita  |2 agrovoc 
700 1 |a Formento, Norma A. 
700 1 |a González, Lisardo J. 
859 |a AR-BbBCA  |b BIB. AGRONOMIA  |h 633.1194  |i A634  |p 2006/5011